| 000 | 00527nam a22001817a 4500 | ||
|---|---|---|---|
| 003 | OSt | ||
| 005 | 20250709005823.0 | ||
| 008 | 250709b |||||||| |||| 00| 0 eng d | ||
| 020 | _a 9781569441084 | ||
| 040 |
_aDWCL - Main lib _cOC |
||
| 082 | _aCirc. 641.59798 A316 2007 | ||
| 245 | _aAlaskan cooking/ | ||
| 260 |
_a Alaska : _bArctic Circle Enterprises, _cc2007. |
||
| 300 |
_a32 pages : _b illustrations (color) ; _c26 cm. |
||
| 504 | _aIncludes index. | ||
| 650 | _a1. Cooking--Alaska. | ||
| 942 |
_2ddc _cBK-CIRC _kCirc. _n0 |
||
| 999 |
_c3495 _d3495 |
||